[Event "SLO-ch U12"]
[Site "Ptuj"]
[Date "2017.03.01"]
[Round "6"]
[White "Fink, Maj"]
[Black "Dimec, Tadej"]
[Result "1-0"]
[WhiteElo "1068"]
[BlackElo "1108"]
[PlyCount "65"]
[EventDate "2017.02.27"]
[EventType "swiss"]
[EventRounds "9"]
[EventCountry "SLO"]
[SourceTitle "CBM 177 Extra"]
[Source "ChessBase"]
[SourceDate "2017.04.27"]
[SourceVersion "1"]
[SourceVersionDate "2017.04.27"]
[SourceQuality "1"]

1. d4 d5 2. c4 c6 3. cxd5 cxd5 4. Nc3 e6 5. Nf3 Nc6 6. Bf4 Nf6 7. e3 Bb4 8. a3 Bxc3+ 9. bxc3 0-0 10. Bg5 h6 11. Bh4 Bd7 12. c4 Qa5+ 13. Qd2 Ne4 14. Qxa5 Nxa5 15. c5 Bc6 16. Ne5 f6 17. Nxc6 Nxc6 18. f3 Ng5 19. Bd3 Nf7 20. 0-0 Rfe8 21. Rab1 Rab8 22. Bb5 a6 23. Ba4 Nfd8 24. Rb6 g5 25. Bf2 Re7 26. Rfb1 h5 27. Bxc6 Nxc6 28. Rxc6 bxc6 29. Rxb8+ Kf7 30. Rb6 h4 31. Rxc6 Rb7 32. Rb6 Rc7 33. Be1 1-0

[Event "SLO-ch U12"]
[Site "Ptuj"]
[Date "2017.02.27"]
[Round "1"]
[White "Dimec, Tadej"]
[Black "Siraj, Svit"]
[Result "0-1"]
[WhiteElo "1108"]
[BlackElo "1475"]
[PlyCount "64"]
[EventDate "2017.02.27"]
[EventType "swiss"]
[EventRounds "9"]
[EventCountry "SLO"]
[SourceTitle "CBM 177 Extra"]
[Source "ChessBase"]
[SourceDate "2017.04.27"]
[SourceVersion "1"]
[SourceVersionDate "2017.04.27"]
[SourceQuality "1"]

1. e4 c5 2. Nf3 d6 3. Nc3 Nc6 4. d4 cxd4 5. Nxd4 Nf6 6. Bb5 Bd7 7. 0-0 g6 8. Nxc6 Bxc6 9. Bxc6+ bxc6 10. f4 Bg7 11. f5 0-0 12. g4 Qb6+ 13. Kh1 Rab8 14. g5 Nd7 15. h4 Qd4 16. Qxd4 Bxd4 17. Kg2 Ne5 18. f6 e6 19. Rd1 c5 20. a4 Rb4 21. Ra2 Bxc3 22. bxc3 Rb1 23. Re1 Nc4 24. Kf2 Rfb8 25. Bf4 Rxe1 26. Kxe1 e5 27. Kf2 exf4 28. Kf3 Rb2 29. Ra1 Rxc2 30. Kxf4 Kf8 31. Rb1 Rb2 32. Ra1 Ke8 0-1